000 00850nam a2200265Ia 4500
003 OSt
005 20220923211544.0
006 a|||||r|||| 00| 0
007 ta
008 220922b |||||||| |||| 00| 0 san d
020 _a9789383838790 (hbk)
_c375
024 _a282,106
037 _b184, 24/10/2014, Vidyanidhi Prakashan
_cTextual
040 _aARTS
_cARTS
_bsan
041 _2san
_asan
082 _aQ1x, Q4
100 _aसुधीर कुमार
_9156290
245 0 _aवैदिक म×जूषा
246 _aVaidik ma×jūṣhā
260 _aदिल्ली
_b शिवालिक प्रकाशन
_c2014
300 _a122पृ0
_ccm.
650 _aधर्म
942 _hQ1x, Q4
_cTEXL
_2CC
999 _c300744
_d300744